[Event "25. Off. Württembergische Seniorenmst."]
[Site "Freudenstadt"]
[Date "2013.07.06"]
[Round "8.5"]
[White "Hoeschele, Hans-Ulrich"]
[Black "Weinwurm, Wolfgang"]
[Result "1/2-1/2"]
[WhiteElo "1915"]
[BlackElo "2113"]
[PlyCount "91"]
[EventDate "2013.??.??"]
[WhiteTeam "Stuttgarter SF 1879"]
[BlackTeam "Ternitz"]

1. Nf3 Nf6 2. d4 g6 3. g3 Bg7 4. Bg2 O-O 5. Nbd2 c5 6. c3 cxd4 7. Nxd4 Nc6 8.
e3 d5 9. Nxc6 bxc6 10. O-O Bf5 11. Nb3 e5 12. Bd2 a5 13. Nc5 Qb6 14. b4 Rfd8
15. a3 Bf8 16. Na4 Qb5 17. Re1 Ra7 18. Nb2 Rda8 19. a4 Qb6 20. Qb3 Ne4 21. Re2
Rb8 22. b5 cxb5 23. Qxd5 Rd7 24. Bxe4 Rxd5 25. Bxd5 e4 26. Be1 Qc5 27. Rd2 Bg7
28. Rc1 bxa4 29. Nd1 a3 30. f3 Rb2 31. fxe4 Bg4 32. Rf2 Bxd1 33. Rxd1 Qxe3 34.
Bxf7+ Kf8 35. Bd5+ Ke8 36. Bd2 Qb6 37. Bf7+ Kf8 38. Bc4+ Ke8 39. Bf7+ Ke7 40.
Bg5+ Kf8 41. Rdd2 Rxd2 42. Bxd2 Ke7 43. Bd5 Bf6 44. Kg2 Qb1 45. Be3 Qb5 46. Bd4
1/2-1/2

[Event "25. Off. Württembergische Seniorenmst."]
[Site "Freudenstadt"]
[Date "2013.07.06"]
[Round "8.6"]
[White "Schmid, Hartmut"]
[Black "Lomer, Edmund"]
[Result "1/2-1/2"]
[WhiteElo "2049"]
[BlackElo "1879"]
[PlyCount "86"]
[EventDate "2013.??.??"]
[WhiteTeam "Stuttgarter SF 1879"]
[BlackTeam "Eckernförder SC von 1921"]

1. c4 e5 2. Nc3 Nf6 3. g3 c6 4. Bg2 Bc5 5. d3 O-O 6. e3 d5 7. cxd5 Nxd5 8. Nxd5
cxd5 9. Ne2 Nc6 10. O-O Bg4 11. f3 Bf5 12. Kh1 Rc8 13. a3 Qb6 14. Nc3 Ne7 15.
e4 Be6 16. Na4 Qb5 17. Nc3 Qb6 18. Na4 Qc6 19. Bd2 Bd4 20. Bb4 Qd7 21. f4 dxe4
22. dxe4 Rfd8 23. fxe5 b5 24. Nc3 Bc4 25. Re1 Nc6 26. Qh5 g6 27. Qh4 Bxe5 28.
Rad1 Qe8 29. Bh3 Rxd1 30. Rxd1 Rd8 31. Rxd8 Nxd8 32. Bg2 Nc6 33. Bc5 Kg7 34.
Be3 h5 35. Qg5 Bf6 36. Qh6+ Kg8 37. Qf4 Bg7 38. Qd6 a6 39. Kg1 Be5 40. Qd2 Qe6
41. Nd5 Ne7 42. Bc5 Nc8 43. b4 Kg7 1/2-1/2

[Event "25. Off. Württembergische Seniorenmst."]
[Site "Freudenstadt"]
[Date "2013.07.06"]
[Round "8.7"]
[White "Storkebaum, Karl-Heinrich"]
[Black "Schmid, Eugen"]
[Result "0-1"]
[WhiteElo "1754"]
[BlackElo "1942"]
[PlyCount "98"]
[EventDate "2013.??.??"]
[WhiteTeam "SAbt TEC Darmstadt"]
[BlackTeam "SV Herrenberg e.V."]

1. d4 Nf6 2. Nf3 e6 3. c4 b6 4. Bg5 Bb7 5. e3 Be7 6. Nc3 O-O 7. Bd3 h6 8. Bh4
d5 9. cxd5 exd5 10. O-O Nbd7 11. Rc1 c5 12. dxc5 bxc5 13. Re1 Qb6 14. b3 Rfe8
15. Bf5 Rad8 16. Na4 Qa5 17. Bg3 Bc6 18. Nc3 Ba8 19. Qd3 Nf8 20. Nb5 c4 21.
bxc4 dxc4 22. Qxc4 a6 23. Nbd4 Bd5 24. Qe2 Qa4 25. Qc2 Qxa2 26. Qxa2 Bxa2 27.
Nc6 Ra8 28. Nxe7+ Rxe7 29. Rc2 Bd5 30. Rec1 g6 31. Bd3 Rea7 32. Nd4 a5 33. Nb5
Rd7 34. Be2 Bb3 35. Rc8 Rxc8 36. Rxc8 Rd2 37. Kf1 Rb2 38. f3 a4 39. Be5 Rb1+
40. Kf2 N6d7 41. Bd6 Kg7 42. Kg3 Ne6 43. Nd4 Nxd4 44. exd4 Be6 45. Rc7 Rb8 46.
Bd1 Nb6 47. Ra7 Rd8 48. Bc5 Nc8 49. Bxa4 Nxa7 0-1

[Event "25. Off. Württembergische Seniorenmst."]
[Site "Freudenstadt"]
[Date "2013.07.06"]
[Round "8.8"]
[White "Szenetra, Werner"]
[Black "Engbrecht, Helmut"]
[Result "1-0"]
[WhiteElo "2038"]
[BlackElo "1899"]
[PlyCount "106"]
[EventDate "2013.??.??"]
[WhiteTeam "SV Berenbostel"]
[BlackTeam "SV Schorndorf"]

1. Nf3 d5 2. g3 Nc6 3. d3 e5 4. Nbd2 f5 5. c4 d4 6. Bg2 Nf6 7. O-O Be7 8. b4 e4
9. dxe4 Nxe4 10. a3 Nc3 11. Qe1 O-O 12. Nb3 Bf6 13. Bb2 Re8 14. Bxc3 dxc3 15.
b5 Nb8 16. Rd1 Qe7 17. Nfd4 Qxa3 18. Qxc3 c5 19. bxc6 Nxc6 20. e3 Be6 21. Qc2
Nb4 22. Qe2 Bxd4 23. Nxd4 Qa6 24. Qd2 Qb6 25. Rb1 a5 26. Nxe6 Rxe6 27. Bd5 Kf8
28. Bxe6 Qxe6 29. c5 Rc8 30. Qd6+ Qxd6 31. cxd6 Ke8 32. Rfc1 Rxc1+ 33. Rxc1 Nc6
34. Rc5 Kd7 35. Rb5 Nd8 36. Rxa5 g6 37. Ra8 Nf7 38. Kf1 Nxd6 39. Rh8 Ke6 40.
Rxh7 Nf7 41. Ke2 g5 42. Kd3 Kf6 43. h4 Ne5+ 44. Ke2 gxh4 45. Rxh4 Nd7 46. Rb4
b6 47. f4 Ke6 48. Rb5 Kf6 49. Kf3 Ke6 50. e4 fxe4+ 51. Kxe4 Nf6+ 52. Kd4 Nd7
53. g4 Kf6 1-0

[Event "25. Off. Württembergische Seniorenmst."]
[Site "Freudenstadt"]
[Date "2013.07.06"]
[Round "8.9"]
[White "Wetjen, Andreas"]
[Black "Helbig, Dieter"]
[Result "1-0"]
[WhiteElo "1986"]
[BlackElo "1799"]
[PlyCount "93"]
[EventDate "2013.??.??"]
[WhiteTeam "SK Union Oldenburg"]
[BlackTeam "SK Weilheim"]

1. e4 c5 2. Nc3 Nc6 3. g3 g6 4. Bg2 Bg7 5. d3 d6 6. Be3 Nf6 7. h3 O-O 8. Nge2
Bd7 9. O-O a6 10. Qd2 Rc8 11. g4 e5 12. Ng3 b5 13. g5 Ne8 14. Nd5 Nd4 15. f4
exf4 16. Bxf4 Ne6 17. c3 Nxf4 18. Qxf4 Be5 19. Qe3 Be6 20. Ne2 Bxd5 21. exd5 f6
22. d4 cxd4 23. cxd4 Qb6 24. Qf2 Rc2 25. dxe5 Qxf2+ 26. Rxf2 fxe5 27. Rb1 Rxf2
28. Kxf2 Ng7 29. Be4 Rc4 30. Kf3 Nf5 31. Rc1 Ra4 32. a3 Nh4+ 33. Ke3 Nf5+ 34.
Kd3 Kf8 35. Rf1 Kg7 36. Bxf5 gxf5 37. Rxf5 Kg6 38. Rf6+ Kxg5 39. Rxd6 h5 40.
Re6 Kf5 41. Rh6 Kg5 42. d6 Kxh6 43. d7 Rh4 44. d8=Q Rxh3+ 45. Ke4 Rh2 46. Qf6+
Kh7 47. Qf3 1-0

[Event "25. Off. Württembergische Seniorenmst."]
[Site "Freudenstadt"]
[Date "2013.07.06"]
[Round "8.10"]
[White "Cichy, Michael"]
[Black "Schmidt, Heinrich"]
[Result "1/2-1/2"]
[WhiteElo "1934"]
[BlackElo "1785"]
[PlyCount "80"]
[EventDate "2013.??.??"]
[WhiteTeam "SC Braunschweig Gliesmarode v. 1"]
[BlackTeam "SV Nagold"]

1. d4 Nf6 2. Nf3 g6 3. c4 Bg7 4. Nc3 d6 5. e4 O-O 6. Be2 e5 7. O-O Nc6 8. d5
Ne7 9. b4 a5 10. Ba3 axb4 11. Bxb4 b6 12. Nd2 Bd7 13. a4 Ne8 14. a5 bxa5 15.
Bxa5 f5 16. Kh1 Nf6 17. Qc2 fxe4 18. Ndxe4 Nxe4 19. Nxe4 Nf5 20. Qd1 Qc8 21. c5
dxc5 22. Nxc5 Nd4 23. Bc4 Kh8 24. Bd2 Bf5 25. Rxa8 Qxa8 26. Qa1 Qb8 27. Na6 Qb7
28. Qa5 Rc8 29. Nc5 Qb6 30. Na6 h6 31. h3 Ra8 32. Qxb6 cxb6 33. Nc7 Ra4 34. Rc1
Bf8 35. Nb5 Nxb5 36. Bxb5 Rd4 37. Be3 Rxd5 38. Bc6 Rd6 39. Bxb6 Bd7 40. Bxd7
Rxb6 1/2-1/2

[Event "25. Off. Württembergische Seniorenmst."]
[Site "Freudenstadt"]
[Date "2013.07.06"]
[Round "8.11"]
[White "Injac, Petar"]
[Black "Schmieder, Siegfried"]
[Result "1-0"]
[WhiteElo "1849"]
[BlackElo "1931"]
[PlyCount "73"]
[EventDate "2013.??.??"]
[WhiteTeam "SF 1876 Göppingen"]
[BlackTeam "SG Schwäbisch Gmünd 1872 e.V"]

1. d4 f5 2. Bg5 g6 3. e3 Bg7 4. Nd2 h6 5. Bh4 c5 6. c3 b6 7. dxc5 bxc5 8. Nc4
Nf6 9. Nf3 Qc7 10. Bg3 d6 11. Be2 Ne4 12. Qc2 Nd7 13. Nh4 Nf8 14. Bf3 Bb7 15.
O-O Qd7 16. Rad1 g5 17. Bh5+ Kd8 18. Nf3 Nxg3 19. hxg3 Ba6 20. Nfe5 Qe6 21.
Nf7+ Kc7 22. Ncxd6 Bxf1 23. Kxf1 exd6 24. Rxd6 Qxd6 25. Nxd6 Kxd6 26. Qxf5 Ne6
27. Bf7 Rhe8 28. Qg6 Re7 29. Bxe6 Rxe6 30. Qxg7 a5 31. Qb7 Rd8 32. Ke2 Rd7 33.
Qb6+ Ke7 34. Qxa5 Red6 35. Qxc5 Kf7 36. Qf5+ Kg7 37. Qc2 1-0

[Event "25. Off. Württembergische Seniorenmst."]
[Site "Freudenstadt"]
[Date "2013.07.06"]
[Round "8.12"]
[White "Kotlar, Alfred"]
[Black "Frank, Werner"]
[Result "0-1"]
[WhiteElo "1915"]
[BlackElo "1831"]
[PlyCount "80"]
[EventDate "2013.??.??"]
[WhiteTeam "SK Recklinghausen Altsta"]
[BlackTeam "SG Schwäbisch Gmünd 1872 e.V"]

1. d4 g6 2. Nf3 Bg7 3. Bf4 d6 4. c3 Nd7 5. e3 e5 6. dxe5 dxe5 7. Bg5 Ne7 8. e4
h6 9. Be3 O-O 10. Bc4 c6 11. Qc1 Kh7 12. O-O Qc7 13. h3 Nb6 14. Bb3 c5 15. Nbd2
c4 16. Bxb6 axb6 17. Bxc4 f5 18. Bd3 Be6 19. a3 Qd7 20. Bc2 fxe4 21. Bxe4 Rf4
22. Re1 Raf8 23. Re2 Nd5 24. Qe1 R4f7 25. Rd1 Nf4 26. Re3 Qc8 27. Bc2 Bd5 28.
Be4 Bxe4 29. Nxe4 Nxh3+ 30. Kf1 Nf4 31. Ng3 Qc6 32. Rd2 Nxg2 33. Kxg2 Rxf3 34.
Ne4 R3f4 35. f3 R8f5 36. Qe2 Rh5 37. Rd6 Qc8 38. Qf1 Rfh4 39. Qg1 Qf8 40. Rdd3
Qf4 0-1

[Event "25. Off. Württembergische Seniorenmst."]
[Site "Freudenstadt"]
[Date "2013.07.06"]
[Round "8.13"]
[White "Seibel, Wilhelm"]
[Black "Just, Joachim"]
[Result "1/2-1/2"]
[WhiteElo "1685"]
[BlackElo "1903"]
[PlyCount "118"]
[EventDate "2013.??.??"]
[WhiteTeam "DJK Stuttgart-Süd"]
[BlackTeam "SV Motor Zeitz"]

1. Nf3 d5 2. d4 c6 3. e3 Bg4 4. Be2 Bxf3 5. Bxf3 Nd7 6. Nd2 Ngf6 7. O-O e6 8.
Re1 Be7 9. c3 O-O 10. e4 dxe4 11. Nxe4 Nxe4 12. Bxe4 Nf6 13. Bc2 Qb6 14. Rb1 c5
15. Be3 cxd4 16. Bxd4 Bc5 17. Bxf6 Bxf2+ 18. Kh1 gxf6 19. Re4 f5 20. Rb4 Qc6
21. Rf4 Be3 22. Rh4 Bg5 23. Rh3 f6 24. Bb3 Rf7 25. Qe2 Re8 26. Re1 Rfe7 27. Qh5
Rg7 28. Bd5 Qd7 29. Qxe8+ Qxe8 30. Rxe6 Qxe6 31. Bxe6+ Kf8 32. Rd3 Re7 33. Rd8+
Kg7 34. h4 Bc1 35. Rg8+ Kh6 36. Bxf5 Bxb2 37. Rc8 Kg7 38. Kg1 Bc1 39. Kf2 Bf4
40. Kf3 Bd2 41. Kg4 Be3 42. Rc4 b5 43. Rc6 Bb6 44. Bd3 Re5 45. Rd6 h5+ 46. Kh3
Re3+ 47. g3 Rxg3+ 48. Kxg3 Bc7 49. Bxb5 Bxd6+ 50. Kf3 f5 51. Be8 Kh6 52. c4 a6
53. a4 Kg7 54. Bxh5 Kf6 55. Be8 Bb4 56. Ke3 Bc5+ 57. Kd3 a5 58. h5 Kg5 59. Bg6
Kf6 1/2-1/2

[Event "25. Off. Württembergische Seniorenmst."]
[Site "Freudenstadt"]
[Date "2013.07.06"]
[Round "8.14"]
[White "Kreie, Guenter"]
[Black "Spurga, Josef"]
[Result "0-1"]
[WhiteElo "1751"]
[BlackElo "1900"]
[PlyCount "119"]
[EventDate "2013.??.??"]
[WhiteTeam "Turn- u. SpV Eichholz-Re"]
[BlackTeam "VfL Sindelfingen"]

1. e4 c5 2. Nf3 d6 3. d4 cxd4 4. Nxd4 Nf6 5. Bb5+ Bd7 6. Bxd7+ Nbxd7 7. Nc3 e6
8. O-O a6 9. Be3 Be7 10. Qe2 Rc8 11. f3 Ne5 12. Rad1 Nc4 13. Bc1 b5 14. Kh1 Qc7
15. b3 Ne5 16. Nb1 O-O 17. f4 Nc6 18. c3 d5 19. exd5 Nxd5 20. Nf3 Nxf4 21. Qe4
Nd5 22. Bg5 Nf6 23. Qe2 Rfd8 24. Nd4 Nxd4 25. cxd4 Nd5 26. Rc1 Qa7 27. Bxe7
Qxe7 28. Nd2 Rc7 29. Ne4 Rxc1 30. Rxc1 h6 31. Nc5 Qg5 32. Re1 Nf4 33. Qc2 Rxd4
34. Nxa6 h5 35. Qc8+ Kh7 36. Qc2+ g6 37. Qf2 Qd5 38. Nc7 Rd2 39. Nxd5 Rxf2 40.
Nc7 Rxa2 41. g3 Nd3 42. Rf1 Kg7 43. Nxb5 Rb2 44. Nd6 f5 45. Kg1 Rxb3 46. Ra1
Kf6 47. Nc4 Ne5 48. Nd2 Nf3+ 49. Nxf3 Rxf3 50. Kg2 Rb3 51. h4 g5 52. hxg5+ Kxg5
53. Re1 Kf6 54. Rh1 Rb2+ 55. Kf3 Kg5 56. Re1 Rb6 57. Re3 Kf6 58. Kg2 Rb7 59.
Kh3 Re7 60. Kh4 0-1

[Event "25. Off. Württembergische Seniorenmst."]
[Site "Freudenstadt"]
[Date "2013.07.06"]
[Round "8.15"]
[White "Trefzer, Erhard"]
[Black "Gunnarsson, Leif"]
[Result "0-1"]
[WhiteElo "1941"]
[BlackElo "1785"]
[PlyCount "90"]
[EventDate "2013.??.??"]
[WhiteTeam "SV Besigheim"]
[BlackTeam "Kristallens Schackklubb"]

1. e4 c5 2. c3 d6 3. d4 Nd7 4. Nf3 g6 5. Bd3 Bg7 6. O-O Qc7 7. Qe2 e6 8. Bf4 e5
9. Be3 Ngf6 10. dxe5 dxe5 11. Nbd2 O-O 12. a4 b6 13. Rfd1 Bb7 14. h3 h6 15. g4
Nxe4 16. Bxe4 Bxe4 17. Nxe4 f5 18. Qc4+ Kh8 19. Nd6 e4 20. Nf7+ Kh7 21. N3g5+
hxg5 22. Nxg5+ Kh8 23. Ne6 Qc6 24. Nxf8 Rxf8 25. Bd4 Be5 26. Bxe5+ Nxe5 27. Qd5
Nf3+ 28. Kf1 Qf6 29. Qd6 Qf7 30. Rd5 fxg4 31. hxg4 e3 32. Rad1 Nd4 33. Qe5+ Kg8
34. Qxe3 Qxd5 35. cxd4 Qc4+ 36. Qd3 Qf7 37. Rd2 c4 38. Qc2 Qe6 39. Re2 Qxg4 40.
Qxc4+ Kh7 41. Re7+ Kh8 42. Qe6 Qd1+ 43. Kg2 Qf3+ 44. Kh2 Qxf2+ 45. Kh3 Rf3+ 0-1

[Event "25. Off. Württembergische Seniorenmst."]
[Site "Freudenstadt"]
[Date "2013.07.06"]
[Round "8.16"]
[White "Foltas, Hermann"]
[Black "Kluger, Hans-Peter"]
[Result "1-0"]
[WhiteElo "1913"]
[BlackElo "1770"]
[PlyCount "129"]
[EventDate "2013.??.??"]
[WhiteTeam "SK Siemens München"]
[BlackTeam "SF Fallersleben"]

1. d4 d5 2. c4 c6 3. Nf3 Nf6 4. e3 e6 5. Nc3 Bd6 6. Bd3 Nbd7 7. O-O O-O 8. e4
dxe4 9. Nxe4 Nxe4 10. Bxe4 Nf6 11. Bg5 Be7 12. Bc2 h6 13. Bh4 Qb6 14. Rb1 Rd8
15. Qe2 Qa5 16. b3 Kf8 17. h3 c5 18. dxc5 Qxc5 19. b4 Qc7 20. a3 b6 21. Bg3 Bd6
22. Bxd6+ Rxd6 23. Rbd1 Rxd1 24. Rxd1 Bb7 25. Ne5 Rd8 26. Rxd8+ Qxd8 27. Qd3
Qc7 28. Qd4 Ke7 29. f3 g5 30. Kf2 Nd7 31. Nxd7 Qxd7 32. Qxd7+ Kxd7 33. g3 f5
34. Ke3 Kd6 35. f4 gxf4+ 36. gxf4 Bg2 37. h4 Bf1 38. Kd4 Bg2 39. Ba4 Bf3 40.
c5+ bxc5+ 41. bxc5+ Kc7 42. Ke5 Bd5 43. Bb5 Bb3 44. Be8 a5 45. Bf7 Kc6 46. Bxe6
a4 47. Bxf5 Kxc5 48. Be6 Kc6 49. Kf6 Kd6 50. Bc8 Kc7 51. Ba6 Kb6 52. Be2 Kc5
53. Kg7 Kd4 54. f5 Ke3 55. Bb5 Kf4 56. f6 Kg4 57. Kxh6 Kxh4 58. Kg7 Kg5 59.
Bxa4 Bc4 60. Bd7 Kf4 61. f7 Bxf7 62. Kxf7 Ke5 63. Ke7 Kd5 64. Kd8 Kc5 65. Kc7
1-0

[Event "25. Off. Württembergische Seniorenmst."]
[Site "Freudenstadt"]
[Date "2013.07.06"]
[Round "8.17"]
[White "Abegg, Beat"]
[Black "Woisetschlaeger, Adolf"]
[Result "1/2-1/2"]
[WhiteElo "1902"]
[BlackElo "1723"]
[PlyCount "35"]
[EventDate "2013.??.??"]
[BlackTeam "SC Schwarz-Weiss Zell"]

1. d4 Nf6 2. c4 e6 3. g3 d5 4. Nf3 dxc4 5. Qa4+ Bd7 6. Qxc4 Bc6 7. Bg2 Nbd7 8.
O-O Nb6 9. Qd3 Be4 10. Qd1 Be7 11. Nc3 Bc6 12. Re1 Bb4 13. a3 Bxc3 14. bxc3 O-O
15. Ne5 Bxg2 16. Kxg2 Qd5+ 17. f3 Nfd7 18. e4 1/2-1/2

[Event "25. Off. Württembergische Seniorenmst."]
[Site "Freudenstadt"]
[Date "2013.07.06"]
[Round "8.18"]
[White "Hinz, Ekkehard"]
[Black "Kaufmann, Helmut"]
[Result "1-0"]
[WhiteElo "1881"]
[BlackElo "1773"]
[PlyCount "112"]
[EventDate "2013.??.??"]
[WhiteTeam "vereinslos"]
[BlackTeam "SK Eutingen"]

1. Nf3 g6 2. g3 Bg7 3. Bg2 e5 4. d3 Ne7 5. e4 O-O 6. O-O d6 7. c3 c6 8. a4 h6
9. Na3 Be6 10. d4 Qc7 11. Be3 Nd7 12. Qd2 Kh7 13. c4 Nf6 14. Ne1 Ng4 15. d5
Nxe3 16. Qxe3 Bd7 17. Nd3 c5 18. Nb5 Qb8 19. b4 cxb4 20. Nxb4 a6 21. Na3 Rc8
22. Nd3 Qc7 23. c5 dxc5 24. Nc4 b5 25. axb5 Bxb5 26. d6 Qa7 27. Rac1 Nc6 28.
Bh3 Bxc4 29. Rxc4 Rd8 30. d7 Ne7 31. Nxc5 Rab8 32. Ra1 a5 33. Qc3 Rb5 34. Nb3
f5 35. Nc5 Qb6 36. Rc1 Qd6 37. Bf1 Ra8 38. Ra4 Rbb8 39. Rxa5 Rxa5 40. Qxa5 Bf6
41. Bb5 Ng8 42. Qa7 Rd8 43. Nb7 Rxd7 44. Bxd7 Qxd7 45. Ra1 Ne7 46. Nc5 Qxa7 47.
Rxa7 Kg7 48. Nd7 Kf7 49. f3 fxe4 50. fxe4 g5 51. Kf2 Bg7 52. Rc7 Ke6 53. Nb8
Bf8 54. Rb7 Nc8 55. Rc7 Nd6 56. Ke3 Nb5 1-0

[Event "25. Off. Württembergische Seniorenmst."]
[Site "Freudenstadt"]
[Date "2013.07.06"]
[Round "8.19"]
[White "Fassmann, Kurt"]
[Black "Strenzke, Guenter"]
[Result "1-0"]
[WhiteElo "1867"]
[BlackElo "1767"]
[PlyCount "39"]
[EventDate "2013.??.??"]
[WhiteTeam "TuS Mehlmeisel"]
[BlackTeam "SC Concordia SAbt Palame"]

1. d4 d5 2. Nf3 Nf6 3. c4 c6 4. e3 Bg4 5. Qb3 Qc8 6. cxd5 cxd5 7. Nc3 Bxf3 8.
gxf3 e6 9. e4 dxe4 10. fxe4 Be7 11. Bb5+ Nfd7 12. d5 exd5 13. Nxd5 Bd6 14. Be3
O-O 15. Rc1 Qd8 16. Ke2 Ne5 17. Rhg1 Qh4 18. Bd3 Qh5+ 19. Kf1 Nbc6 20. Nf6+ 1-0

[Event "25. Off. Württembergische Seniorenmst."]
[Site "Freudenstadt"]
[Date "2013.07.06"]
[Round "8.20"]
[White "Mertens, Gottfried"]
[Black "Juergens, Peter"]
[Result "1/2-1/2"]
[WhiteElo "1695"]
[BlackElo "1867"]
[PlyCount "54"]
[EventDate "2013.??.??"]
[WhiteTeam "SK Weinheim 1911 e.V."]
[BlackTeam "SC Tempo Göttingen"]

1. f4 Nf6 2. Nf3 d5 3. g3 g6 4. Bg2 Bg7 5. d3 O-O 6. O-O c5 7. c3 Nc6 8. Qc2
Qc7 9. e4 dxe4 10. dxe4 e5 11. f5 b6 12. Na3 Ba6 13. Rd1 Rad8 14. Bg5 h6 15.
Bxf6 Bxf6 16. fxg6 fxg6 17. Qb3+ Kg7 18. Nc4 Rxd1+ 19. Rxd1 Rd8 20. Ne3 Rxd1+
21. Qxd1 Qd8 22. Bf1 Qxd1 23. Nxd1 Bxf1 24. Kxf1 Kf7 25. Ne3 Ke6 26. Nd5 Bd8
27. Ke2 b5 1/2-1/2

[Event "25. Off. Württembergische Seniorenmst."]
[Site "Freudenstadt"]
[Date "2013.07.06"]
[Round "9.1"]
[White "Pape, Manfred"]
[Black "Frick, Christoph"]
[Result "1/2-1/2"]
[WhiteElo "2087"]
[BlackElo "2154"]
[PlyCount "46"]
[EventDate "2013.??.??"]
[WhiteTeam "SK Bad Harzburg"]
[BlackTeam "SV Tübingen 1870 e.V."]

1. Nf3 g6 2. g3 Bg7 3. Bg2 e5 4. d3 Nc6 5. O-O Nge7 6. e4 O-O 7. c3 d6 8. Na3
h6 9. b4 f5 10. b5 Nb8 11. Nc4 Nd7 12. a4 Nf6 13. exf5 Nxf5 14. Nfd2 Rb8 15.
Bb2 Be6 16. Qe2 Qd7 17. Na5 c6 18. c4 c5 19. Ne4 Qc7 20. Nb3 Rbe8 21. Nbd2 Nd7
22. Nc3 Nf6 23. Nde4 Nd4 1/2-1/2

[Event "25. Off. Württembergische Seniorenmst."]
[Site "Freudenstadt"]
[Date "2013.07.06"]
[Round "9.2"]
[White "Giesen, Dieter"]
[Black "Weisenburger, Horst"]
[Result "1/2-1/2"]
[WhiteElo "2195"]
[BlackElo "2048"]
[PlyCount "81"]
[EventDate "2013.??.??"]
[WhiteTeam "SK 1912 Ludwigshafen"]
[BlackTeam "SC Böblingen 1975 e.V."]

1. e4 d5 2. exd5 Qxd5 3. Nc3 Qd6 4. d4 Nf6 5. Nf3 a6 6. Bg5 b5 7. Bd3 Bb7 8.
Qe2 Nbd7 9. Bxf6 Nxf6 10. O-O e6 11. Ne4 Qf4 12. Nxf6+ gxf6 13. Qe3 Qg4 14. h3
Qh5 15. Be4 Bh6 16. Qd3 c6 17. Nh2 f5 18. Qf3 Qxf3 19. Bxf3 O-O-O 20. Rfd1 Rd7
21. c3 Rhd8 22. Bh5 Rg8 23. Bf3 f6 24. Re1 Re7 25. Nf1 e5 26. Ng3 Bd2 27. Nxf5
Rd7 28. Re2 Bf4 29. Bg4 Kc7 30. g3 c5 31. Kf1 exd4 32. cxd4 cxd4 33. gxf4 h5
34. Nh6 hxg4 35. Nxg8 gxh3 36. f3 Bxf3 37. Rh2 Bg2+ 38. Kf2 Kd6 39. Rd1 Ke6 40.
Rxg2 hxg2 41. Kxg2 1/2-1/2

[Event "25. Off. Württembergische Seniorenmst."]
[Site "Freudenstadt"]
[Date "2013.07.06"]
[Round "9.3"]
[White "Villing, Dieter"]
[Black "Szenetra, Werner"]
[Result "0-1"]
[WhiteElo "1999"]
[BlackElo "2038"]
[PlyCount "69"]
[EventDate "2013.??.??"]
[WhiteTeam "SK 1962 Ladenburg"]
[BlackTeam "SV Berenbostel"]

1. e4 g6 2. d4 Bg7 3. Nc3 d6 4. f4 a6 5. Nf3 b5 6. Bd3 Nd7 7. e5 c5 8. Ne4 cxd4
9. exd6 Qb6 10. a4 f5 11. Neg5 Qxd6 12. axb5 h6 13. Nh3 Nc5 14. Nf2 Nf6 15. O-O
Nce4 16. Qe1 Bb7 17. bxa6 Nxf2 18. Bb5+ Bc6 19. Bxc6+ Qxc6 20. Qxf2 Ne4 21. Qe2
O-O 22. Ne5 Bxe5 23. fxe5 Rfc8 24. Bxh6 Qxc2 25. Qb5 Rab8 26. Qd5+ Kh7 27. Bc1
Qc4 28. Qa5 Qc5 29. Qe1 Kg7 30. Ra5 Rb5 31. Ra3 Ra8 32. Rh3 d3+ 33. Kh1 Qxe5
34. Bf4 Qxb2 35. Bc1 0-1

[Event "25. Off. Württembergische Seniorenmst."]
[Site "Freudenstadt"]
[Date "2013.07.06"]
[Round "9.4"]
[White "Ahlberg, Guenter"]
[Black "Schmid, Hartmut"]
[Result "1/2-1/2"]
[WhiteElo "1897"]
[BlackElo "2049"]
[PlyCount "36"]
[EventDate "2013.??.??"]
[WhiteTeam "SG Weißensee 49 e.V."]
[BlackTeam "Stuttgarter SF 1879"]

1. e4 c6 2. d4 d5 3. Nc3 dxe4 4. Nxe4 Nf6 5. Nxf6+ exf6 6. c3 Bd6 7. Bd3 Be6 8.
Nf3 Nd7 9. O-O Qa5 10. Nd2 Qc7 11. h3 O-O 12. Ne4 Be7 13. Qf3 c5 14. Bf4 Qb6
15. Qg3 g6 16. dxc5 Nxc5 17. Nxc5 Qxc5 18. Be3 Qc6 1/2-1/2

[Event "25. Off. Württembergische Seniorenmst."]
[Site "Freudenstadt"]
[Date "2013.07.06"]
[Round "9.5"]
[White "Lomer, Edmund"]
[Black "Wetjen, Andreas"]
[Result "0-1"]
[WhiteElo "1879"]
[BlackElo "1986"]
[PlyCount "78"]
[EventDate "2013.??.??"]
[WhiteTeam "Eckernförder SC von 1921"]
[BlackTeam "SK Union Oldenburg"]

1. Nf3 Nf6 2. g3 d6 3. d4 g6 4. Bg2 Bg7 5. c4 Nbd7 6. Nc3 O-O 7. O-O c6 8. Qc2
e5 9. Rd1 Qe7 10. b3 Rd8 11. e4 exd4 12. Nxd4 Nc5 13. Bf4 Ne6 14. Nxe6 fxe6 15.
e5 dxe5 16. Rxd8+ Qxd8 17. Bxe5 Bd7 18. Rd1 Qe7 19. Qd3 Be8 20. Bd6 Qf7 21. Bh3
Bd7 22. Ne2 Re8 23. Be5 Bc8 24. Nf4 Nh5 25. Qe4 Bxe5 26. Nxh5 Bc7 27. Nf4 e5
28. Bxc8 exf4 29. Qd4 Rxc8 30. Qxa7 fxg3 31. hxg3 Rf8 32. Qe3 Re8 33. Qg5 Re5
34. Qg4 Bb6 35. Rd2 Rf5 36. c5 Bxc5 37. Rd8+ Kg7 38. Qd1 Rxf2 39. Qa1+ Rb2+ 0-1

[Event "25. Off. Württembergische Seniorenmst."]
[Site "Freudenstadt"]
[Date "2013.07.06"]
[Round "9.6"]
[White "Prill, Gerhard"]
[Black "Hoeschele, Hans-Ulrich"]
[Result "1/2-1/2"]
[WhiteElo "1936"]
[BlackElo "1915"]
[PlyCount "71"]
[EventDate "2013.??.??"]
[WhiteTeam "SC Heitersheim"]
[BlackTeam "Stuttgarter SF 1879"]

1. e4 e5 2. Nf3 Nc6 3. Bc4 Be7 4. O-O d6 5. c3 Nf6 6. Re1 O-O 7. Bb3 Bg4 8. h3
Be6 9. Bxe6 fxe6 10. Qb3 Qc8 11. d3 h6 12. Nbd2 Na5 13. Qa4 b6 14. b4 Nb7 15.
Qb3 a5 16. a3 axb4 17. cxb4 Kh7 18. Bb2 Qd7 19. Rac1 c5 20. Nc4 Bd8 21. Qd1 b5
22. Ncxe5 dxe5 23. bxc5 Na5 24. Nxe5 Qa7 25. d4 Bc7 26. d5 Bxe5 27. Bxe5 Nc4
28. Bd6 Nxd6 29. cxd6 e5 30. Re3 Rf7 31. Qe2 Rd8 32. Rc6 Qb8 33. Qf3 Kg8 34.
Qg3 Nd7 35. Qg4 Nf8 36. Qh5 1/2-1/2

[Event "25. Off. Württembergische Seniorenmst."]
[Site "Freudenstadt"]
[Date "2013.07.06"]
[Round "9.7"]
[White "Goldinger, Josef"]
[Black "Storkebaum, Karl-Heinrich"]
[Result "1/2-1/2"]
[WhiteElo "1583"]
[BlackElo "1754"]
[PlyCount "113"]
[EventDate "2013.??.??"]
[WhiteTeam "SV Rottweil"]
[BlackTeam "SAbt TEC Darmstadt"]

1. e4 c5 2. Nf3 d6 3. c3 Nf6 4. h3 Nc6 5. d3 e6 6. Be2 Be7 7. O-O O-O 8. Be3
Qc7 9. Nh2 d5 10. Ng4 Nxg4 11. Bxg4 d4 12. Bd2 e5 13. Bxc8 Raxc8 14. f4 exf4
15. Bxf4 Bd6 16. Bxd6 Qxd6 17. Na3 a6 18. Nc4 Qe6 19. Nb6 Rcd8 20. Nd5 c4 21.
dxc4 dxc3 22. bxc3 Qxe4 23. Qg4 Qxg4 24. hxg4 Rfe8 25. Rab1 Rd7 26. Rf4 Kf8 27.
Rbf1 b5 28. cxb5 axb5 29. Nb4 Ne5 30. Kh1 h6 31. Re1 f6 32. Rfe4 Rc8 33. R1e3
Kf7 34. Nc2 Nc4 35. Rg3 Re8 36. Rxe8 Kxe8 37. Nd4 Rd5 38. Nf5 Kf7 39. Kh2 Rd2
40. Nd4 Nd6 41. Nf5 Nxf5 42. gxf5 Rxa2 43. Rd3 Ke7 44. Rd5 Rb2 45. Kg3 Rb3 46.
Kf4 Rxc3 47. Rxb5 Rc4+ 48. Kf3 h5 49. g3 Rg4 50. Rb8 Kd6 51. Rh8 Rg5 52. Kf4
Kc5 53. Re8 Rg4+ 54. Kf3 Kd4 55. Re7 Kd5 56. Re8 Kd6 57. Re1 1/2-1/2

[Event "25. Off. Württembergische Seniorenmst."]
[Site "Freudenstadt"]
[Date "2013.07.06"]
[Round "9.8"]
[White "Spurga, Josef"]
[Black "Injac, Petar"]
[Result "0-1"]
[WhiteElo "1900"]
[BlackElo "1849"]
[PlyCount "64"]
[EventDate "2013.??.??"]
[WhiteTeam "VfL Sindelfingen"]
[BlackTeam "SF 1876 Göppingen"]

1. e4 d6 2. d4 c6 3. Nc3 Qc7 4. f4 Nh6 5. Nf3 Bg4 6. Be2 e6 7. Be3 Nd7 8. Nd2
f5 9. h3 Bxe2 10. Qxe2 g6 11. Nf3 Nf6 12. Ng5 Qd7 13. O-O-O d5 14. exd5 exd5
15. Nf3 Bb4 16. Bd2+ Kd8 17. Ne5 Qc7 18. Qf3 Nf7 19. Nxf7+ Qxf7 20. Na4 Bxd2+
21. Rxd2 Ne4 22. Re2 Re8 23. Rhe1 b6 24. b3 Kd7 25. Nb2 Qe7 26. Qd3 Qa3 27. Kb1
b5 28. c3 Qd6 29. g3 a5 30. Kc1 Qa3 31. Kb1 a4 32. Kc2 Qxa2 0-1